Villes du monde - Statistiques

Statistiques générales
  • Ce quiz a été pris 441 fois
  • Le résultat moyen est 10 sur 15
Statistiques - réponses
Par images Réponse % Correct
Paris
99%
Londres
92%
Moscou
88%
Tokyo
87%
Athènes
85%
Sydney
85%
New York
82%
Berlin
81%
Pékin
72%
Milan
58%
Casablanca
28%
Prague
28%
Stockholm
28%
Singapour
25%
Lisbonne
18%
Aucun quiz correspondant
Distribution des résultats
% des personnes avec chaque résultat
Percentile par nombre de réponses
Votre historique - résultats
Vous n’avez pas pris ce quiz